|
|
|
|
| LEADER |
01774nam a2200433 i 4500 |
| 001 |
39324 |
| 003 |
BD-DhAAL |
| 008 |
220811t2016 enkab b 001 0 eng d |
| 999 |
|
|
|c 44262
|d 44262
|
| 010 |
|
|
|a 2015913798
|
| 020 |
|
|
|a 0128021691
|
| 020 |
|
|
|a 9780128021699
|
| 040 |
|
|
|a DLC
|b eng
|e rda
|c DLC
|d BD-DhAAL
|
| 042 |
|
|
|a pcc
|
| 043 |
|
|
|a a------
|
| 050 |
0 |
0 |
|a HV551.5.A78
|b U73 2016
|
| 082 |
|
|
|a 363.34095
|2 23
|
| 245 |
0 |
0 |
|a Urban disasters and resilience in Asia /
|c edited by Rajib Shaw, Professor, Graduate School of Global Environmental Studies, Kyoto University, Kyoto, Japan. [and three others].
|
| 264 |
|
1 |
|a Kidlington, Oxford, UK ;
|a Waltham, MA :
|b Elsevier,
|c c2016.
|
| 300 |
|
|
|a xii, 354 pages :
|b illustrations, maps ;
|c 23 cm.
|
| 504 |
|
|
|a Includes bibliographical references and index.
|
| 526 |
|
|
|a ARC
|
| 541 |
|
|
|a Trim Education
|e 39324
|
| 650 |
|
0 |
|a Disasters
|x Social aspects
|z Asia.
|9 50788
|
| 650 |
|
0 |
|a Emergency management
|z Asia.
|9 50789
|
| 650 |
|
0 |
|a Disasters
|z Asia.
|9 50790
|
| 650 |
|
0 |
|a Cities and towns
|x Growth.
|9 50791
|
| 650 |
|
0 |
|a Disaster relief
|x Citizen participation
|z Asia.
|9 50792
|
| 650 |
|
0 |
|a Cities and towns
|z Asia.
|9 50793
|
| 650 |
|
0 |
|a City and town life
|z Asia.
|9 50794
|
| 650 |
|
0 |
|a Resilience (Personality trait).
|9 50795
|
| 650 |
|
0 |
|a Social problems and services.
|9 50796
|
| 700 |
1 |
|
|a Shaw, Rajib,
|e editor.
|9 50797
|
| 700 |
1 |
|
|a Atta-ur-Rahman,
|e editor.
|9 50798
|
| 700 |
1 |
|
|a Surjan, Akhilesh,
|e editor.
|9 50799
|
| 700 |
1 |
|
|a Parvin, Gulsan Ara,
|e editor.
|9 50800
|
| 852 |
|
|
|a Ayesha Abed Library
|c General Stacks
|
| 942 |
|
|
|2 ddc
|c BK
|
| 952 |
|
|
|0 0
|1 0
|2 ddc
|4 0
|6 363_340950000000000_URB
|7 0
|9 71572
|a BRACUL
|b BRACUL
|c GEN
|d 2022-08-04
|e Trim Education
|g 5230.00
|l 0
|o 363.34095 URB
|p 3010039324
|r 2022-08-04
|t 1
|v 5230.00
|w 2022-08-04
|y BK
|